| 000 | 00457nam a22001577a 4500 | ||
|---|---|---|---|
| 999 |
_c3061 _d3061 |
||
| 005 | 20181023173338.0 | ||
| 008 | 181023b ||||| |||| 00| 0 eng d | ||
| 040 | _cDLC | ||
| 082 |
_a808.88 _bH726S |
||
| 100 | _a Holdcraft, Paul E. | ||
| 245 |
_aSnappy sketches for the church blackboard / _cBy Paul E. Holdcraft |
||
| 260 |
_aNew York : _bAbingdon Press, _cc1937. |
||
| 300 | _a60 p.; | ||
| 650 |
_aQuotations, English _xChurch bulletins |
||
| 942 |
_2ddc _cBK |
||